| 000 | 00876nam a2200241 a 4500 | ||
|---|---|---|---|
| 001 | BRCA_2915 | ||
| 005 | 20190320204028.0 | ||
| 008 | 121208s1949----mx-a---###---#000-0#spa-u | ||
| 050 | 4 |
_aF1231 _b.M68 1949 |
|
| 100 | 1 |
_aMotolinia, Fray Toribio _d1568 _98115 |
|
| 245 | 1 | 0 |
_aCarta al Emperador _brefutación a Las Casas sobre la colonización española _cMotolinia ; introd. y notas de José Bravo Ugarte. |
| 260 |
_aMéxico _bJus _c1949 |
||
| 300 |
_a111 p. _bil. _c21 cm. |
||
| 500 | _aB48 | ||
| 600 | 1 | 4 |
_aCasas, Fray Bartolome de las _d1474-1566 _98116 |
| 651 | 4 |
_aMéxico _xHistoria _9614 |
|
| 700 | 1 |
_aRamírez, José Fernando _d1804-1871 _98070 |
|
| 700 | 1 |
_aGarcía Icazbalceta, Joaquín _d1825-1894 _98117 |
|
| 700 | 1 |
_aCarlos _bI, _cRey de España y V emperador de Alemania, _d1500-1558 _98118 |
|
| 700 | 1 |
_aBravo Ugarte, José _eed _98119 |
|
| 902 | _aGFM | ||
| 942 |
_2lcc _cB |
||
| 999 |
_c2654 _d2654 |
||